| 000 | 00401nam a2200157Ia 4500 | ||
|---|---|---|---|
| 008 | 151213s9999 xx 000 0 und d | ||
| 100 | _aNazmul Alam | ||
| 245 |
_aMuslim Military In Bangladesh ( Quovadis ) _cNazmul Alam |
||
| 250 | _a1st | ||
| 260 |
_aDhaka _bTaz Nazmul _c2006 |
||
| 300 | _a8373 p. | ||
| 650 | _aBangla | ||
| 650 | _aউপন্যাস | ||
| 700 | _aNazmul Alam | ||
| 999 |
_c4212 _d4212 |
||